1277 1776 1487 1031 1168 1729 1527 1219 1876 1453 1551 1533 1852 1529 1198 1987 1443 1206 1537 1376 1906 1051 1588 1825 1061 1025 1238 1471 1728 1949 1957 1400 1698 1330 1843 1940 1812 1180 1262 1863 1283 1936 1446 1612 1407 1098 1496 1764 1104 1429 1801 1696 1359 1011 1882 1946 1762 1686 1288 1381 1858 1059 1979 1548 1918 1029 1345 1329 1602 1326 1214 1648 1153 1184 1632 1136 1045 1844 1019 1106 1368 1654 1862 1417 1323 1947 1014 1515 1930 1609 1266 1050 1941 1335 1286 1897 1578 1366 1533 BCNSPRNW ULIB Ver.6.0+V

เปลี่ยนเป็นภาษาไทย

Change to English
 แสดงรายละเอียดบรรณานุกรม
  กลับหน้าหลัก

Brief Record : Get Marc (ISO 2709) : E-mail record : QR code < ปิดหน้าต่าง
LEADER : 00000nam 2200000uu 4500
001    13399112235
003     ULIB
008    110801s2549||||th 000 0 tha d
020    9745200581
020    9789745200586
050  4 HD85.T5^bส691ผ 2549
110 1  สำนักงานคณะกรรมการพัฒนาการเศรษฐกิจและสังคมแห่งชาติ
245 10 แผนพัฒนาเศรษฐกิจและสังคมแห่งชาติ ฉบับที่10 พ.ศ.2550-2554 /^cสำนักงานคณะกรรมการพัฒนาการเศรษฐกิจและสังคมแห่งชาติ
250    พิมพ์ครั้งที่ 1
260    กรุงเทพฯ :^bสำนักงานคณะกรรมการพัฒนาการเศรษฐกิจและสังคมแห่งชาติ,^c2549
300    185 หน้า
650  7 แผนพัฒนาเศรษฐกิจและสังคมแห่งชาติ
650  7 นโยบายเศรษฐกิจ
945    ^p90^l0^i023119
945    ^p90^l0^i023120
995    ทศพร
999 ^a ทศพร
รายการนี้ยังไม่มีแท็ก
คุณยังไม่ได้ล็อกอิน คุณสามารถมีกิจกรรมร่วมกับเว็บไซต์ได้ แต่ต้องล็อกอินก่อน ::
  ล็อกอิน

รายการสื่อสารสนเทศ

ลำดับที่ ประเภท เลขเรียก/บาร์โค้ด สถานที่ สถานะ
- ไม่พบข้อมูล -

รายการใกล้เคียง
    หัวเรื่อง [แผนพัฒนาเศรษฐกิจและสังคมแห่งชาติ]
    หัวเรื่อง [นโยบายเศรษฐกิจ]

BibComment


ยังไม่เคยถูกคอมเมนท์

คอมเมนท์ทรัพยากรรายการนี้
  คอมเมนท์: แผนพัฒนาเศรษฐกิจแ..

สมาชิกที่บันทึกรายการนี้ไว้ในรายการโปรด
พรพรรณ สังฆรักษ์

 Copyright 2026. Bcnsprnw @Library